000 00439nam a2200169Ia 4500
005 20250225143743.0
008 231217s9999 xx 000 0 und d
020 _a9788174466198
082 _a658.3153 SIN1;1 R
100 _aSingh, B D.
245 0 _aIndustrial relations : emerging paradigms
250 _a2nd ed.
260 _c2008
_bExcel Books
_aNew Delhi
300 _axii+553
650 _arelations,paradigms
942 _cAA
999 _c181278
_d181278